The Viking rocket story / (Record no. 132041)

MARC details
000 -LEADER
fixed length control field 00625nam a22002297a 4500
005 - DATE AND TIME OF LATEST TRANSACTION
control field 20170124110147.0
010 ## - LIBRARY OF CONGRESS CONTROL NUMBER
LC control number 092159
020 ## - INTERNATIONAL STANDARD BOOK NUMBER
Terms of availability 00.00
035 ## - SYSTEM CONTROL NUMBER
System control number 092159
037 ## - SOURCE OF ACQUISITION
Source of stock number/acquisition Cen Lib/Ret
040 ## - CATALOGING SOURCE
Original cataloging agency DPL
Language of cataloging EN
082 ## - DEWEY DECIMAL CLASSIFICATION NUMBER
Classification number 623.451
Item number ROS
100 ## - MAIN ENTRY--PERSONAL NAME
Personal name Rosen, Milton W.
9 (RLIN) 33540
245 ## - TITLE STATEMENT
Title The Viking rocket story /
Statement of responsibility, etc by Milton W Rosen
260 ## - PUBLICATION, DISTRIBUTION, ETC. (IMPRINT)
Name of publisher, distributor, etc Faber and Faber
Place of publication, distribution, etc London
270 ## - ADDRESS
City London
Address 24 Russell Square
300 ## - PHYSICAL DESCRIPTION
Extent 248p.
Dimensions 20cm(Hb)
500 ## - GENERAL NOTE
General note Includes index<br/>
650 ## - SUBJECT ADDED ENTRY--TOPICAL TERM
Topical term or geographic name as entry element Viking rockets
9 (RLIN) 33541
650 ## - SUBJECT ADDED ENTRY--TOPICAL TERM
Topical term or geographic name as entry element Rockets (Aeronautics)
9 (RLIN) 33542
942 ## - ADDED ENTRY ELEMENTS (KOHA)
Source of classification or shelving scheme Dewey Decimal Classification
Koha item type English Books
Classification part 623.451
Call number suffix ROS
Holdings
Withdrawn status Lost status Damaged status Not for loan Home library Current library Date acquired Source of acquisition Cost, normal purchase price Total Checkouts Full call number Barcode Date last seen Copy number Cost, replacement price Price effective from Koha item type Public note
Written off       Central Library Central Library 16/07/2015 Cen Lib/Ret 0.00   623.451 ROS 092159 16/07/2015 1 0.00 16/07/2015 English Books Written off on approval by DLB (By Circulation); dtd 15-06-2023

© Delhi Public Library
Hit Counter
free hit counter